000 00351nam a2200133Ia 4500
008 220217s9999||||xx |||||||||||||| ||und||
020 _a0-07-463290-6
082 _a005.13 NAU
100 _aNaughton, Patrick
_93734
245 0 _aJava handbook
260 _aTata mcgraw hill
_bNew Delhi
_c2002
300 _b300
650 _aPROGRAMMING LANGUAGE
999 _c172472
_d172472